[Event "GER-ch U10"]
[Site "Willingen"]
[Date "2024.05.20"]
[Round "3"]
[White "Kjulbassanoff, Kilian"]
[Black "Nikolic, Luka"]
[Result "1-0"]
[WhiteElo "1411"]
[BlackElo "1145"]
[PlyCount "115"]
[EventDate "2024.05.19"]
[EventType "swiss"]
[EventRounds "11"]
[EventCountry "GER"]
[SourceTitle "CB27_2024"]
[SourceDate "2024.07.03"]
[SourceVersion "1"]
[SourceVersionDate "2024.07.03"]
[SourceQuality "1"]

1. d4 Nf6 2. c4 g6 3. Nc3 Bg7 4. e4 0-0 5. e5 Ne8 6. f4 d6 7. Nf3 b6 8. Be2 c5 9. dxc5 bxc5 10. 0-0 Nc7 11. Be3 Bb7 12. Qd2 Nc6 13. exd6 exd6 14. Rad1 Re8 15. Bd3 Qd7 16. Bb1 Bf8 17. Bxc5 Rad8 18. Bf2 Bh6 19. Bh4 Ne7 20. Ne4 Bxe4 21. Bxe4 f5 22. Bc2 Bg7 23. Bb3 Qc6 24. Rfe1 Kf8 25. Ng5 h6 26. Ne6+ Nxe6 27. Rxe6 Kf7 28. Rde1 Rd7 29. Qe3 Qc7 30. Ba4 Qxc4 31. Bb3 Nd5 32. Bxc4 Nxe3 33. R1xe3 d5 34. Rxe8 Bd4 35. Bb3 g5 36. fxg5 f4 37. gxh6 Bxe3+ 38. Rxe3 fxe3 39. h7 Kg7 40. Bc2 d4 41. Bf6+ Kxf6 42. h8Q+ Ke6 43. Bf5+ Kxf5 44. Qh3+ Ke4 45. Qxd7 e2 46. Kf2 d3 47. Qxa7 e1Q+ 48. Kxe1 d2+ 49. Kxd2 Kf5 50. Qe3 Kg6 51. Qf4 Kg7 52. Qf5 Kh8 53. Qg5 Kh7 54. Ke3 Kh8 55. Kf4 Kh7 56. Kf5 Kh8 57. Kf6 Kh7 58. Qg7# 1-0